000 00355 a2200157 4500
001 59745
020 _a9783190116805
040 _cAnchieta - Pituba
100 _aKopp, Gabriele
240 1 0 _aPlanet 3
_ldeu / ger
245 1 0 _aPlanet 3
300 _a176
362 0 _a2015
650 4 _aLínguas germânicas (teutônicas) língua alemã
942 _cBK
999 _c59745
_d59745